[Event "Olympiad-37"]
[Site "Turin"]
[Date "2006.05.29"]
[Round "8"]
[White "Batchuluun, Tsegmed"]
[Black "Atalik, Suat"]
[Result "0-1"]
[WhiteElo "2303"]
[BlackElo "2632"]
[Annotator "Atalik,S"]
[PlyCount "124"]
[EventDate "2006.05.21"]
[EventType "team-swiss"]
[EventRounds "13"]
[EventCountry "ITA"]
[SourceTitle "CBM 113"]
[Source "ChessBase"]
[SourceDate "2006.07.31"]
[SourceVersion "1"]
[SourceVersionDate "2006.07.31"]
[SourceQuality "1"]
[WhiteTeam "Mongolia"]
[BlackTeam "Turkey"]
[WhiteTeamCountry "MGL"]
[BlackTeamCountry "TUR"]

1. d4 Nf6 2. c4 g6 3. Nc3 d5 4. Nf3 Bg7 5. Qb3 dxc4 6. Qxc4 O-O 7. e4 Bg4 8.
Be3 Nfd7 9. Rd1 $6 {This is not the most exact move order.} (9. Qb3) 9... Nc6
10. Qb3 (10. Be2 Nb6 11. Qc5 Qd6 $13) 10... e5 $1 11. dxe5 Ncxe5 12. Be2 Nxf3+
$1 {Black has to act very quick.} (12... Be6 13. Qc2) (12... Qc8 $6 13. Nxe5
Nxe5 $11) (12... Bxf3 $2 13. Bxf3 (13. gxf3 Qh4) 13... Nxf3+ 14. gxf3 $16) 13.
Bxf3 (13. gxf3 Be6) 13... Be6 $1 (13... Bxf3 $2 14. gxf3 Qf6 15. Rxd7 Qxf3 16.
Rg1 Rad8 17. Qd1 $18) 14. Qc2 (14. Qxb7 $6 Rb8 15. Qxa7 Rxb2 16. Qa3 Rc2 17.
Nd5 c6 18. Qa4 Rb2 19. Qxc6 Qa5+ 20. Bd2 Qxa2 $17 {looks very dangerous for
white due to development advantage and lateral pin.}) 14... c6 15. O-O Qa5 $1
16. Na4 $2 (16. Be2 $11 {looks more or less equal to me.}) 16... Rfc8 $1 17. a3
c5 18. Be2 Bd4 19. Bd2 Qd8 $1 $17 {This is not a real retreat.Black is all set
up for queenside play.} 20. Nc3 a6 (20... Qh4 $2 21. Nb5 Ne5 22. Bc3) 21. Kh1
Qb6 22. Nd5 Bxd5 23. exd5 Nf6 $1 (23... Qd6 24. Bc3) 24. Bf3 Qd6 (24... Qxb2
25. Qxb2 Bxb2 26. d6) 25. Bc3 Bxc3 26. Qxc3 b5 $17 {White run into a bad
position in which knight is stronger than his counterpart ,the bishop.} 27. Rd2
Re8 28. g3 Rad8 29. Rc1 c4 30. Qd4 Nd7 (30... Re5 31. Rcd1 Rde8 $17) 31. Rcd1
Nc5 32. Re2 Rxe2 33. Bxe2 Re8 34. Bf3 Nd3 35. Kg1 (35. b3 $2 Qxa3 36. bxc4 Nb2
$19) 35... f5 $1 {For some reason Predrag criticized this move.However this
looks extremely natural to me.I make room for my king to approach the center
and next I will offer to trade queens when I will be in a keeping distance for
the d pawn.} (35... f6 $5) (35... h5 36. h4 Kf8 {is Predrag's way.}) 36. Kf1
Kf7 37. Be2 Nc5 38. Bf3 h5 39. h4 Re7 40. Re1 $2 {This loses on the spot.} (40.
Qh8 Nd3 41. Qh7+ Ke8 42. Qh8+ Kd7 43. Qd4 Nc5 $1 $17) 40... Rxe1+ 41. Kxe1 Qe5+
$1 $19 {The ensueing ending demonstrates powers of the knight over a bishop
even in semi-closed positions.} 42. Qxe5 Nd3+ 43. Kd2 Nxe5 44. Be2 Ke7 45. Kc3
Kd6 46. Kd4 Nd7 (46... Ng4 $2 {backfires.} 47. Bxg4 hxg4 48. a4 c3 49. bxc3
bxa4 50. c4 $18) 47. Bd1 Nb6 48. b3 cxb3 49. Bxb3 Nd7 $1 {Bishop has
difficulties to control critical squares and both wings.} 50. Bd1 Nf6 51. Bf3
Ng4 {This is the right time to offer exchange of minor pieces.} 52. Kc3 Nxf2
53. Kb4 Ne4 54. Ka5 Kxd5 55. Kxa6 Kc5 56. Be2 Nd6 $5 {Overcautious.} (56...
Nxg3 57. Bxb5 f4 58. a4 f3 59. a5 f2 $19 {wins easily.}) 57. Bd1 Nc4 58. a4
bxa4 (58... Nb2 59. axb5 $4 Nxd1 60. b6 $18) 59. Bxa4 Nd6 60. Bb3 Kd4 (60...
Ne4 61. Bf7 Nxg3 62. Bxg6 f4 $19) 61. Bg8 Ke5 62. Kb6 Ne4 {A technical ending.}
0-1

[Event "Bugojno"]
[Site "Bugojno"]
[Date "1978.03.16"]
[Round "15"]
[White "Bukic, Enver"]
[Black "Balashov, Yuri S"]
[Result "1/2-1/2"]
[WhiteElo "2500"]
[BlackElo "2590"]
[Annotator "Bulletin"]
[PlyCount "23"]
[EventDate "1978.02.27"]
[EventType "tourn"]
[EventRounds "15"]
[EventCountry "YUG"]
[EventCategory "14"]
[SourceTitle "MCL"]
[Source "ChessBase"]
[SourceDate "1999.07.01"]
[SourceVersion "1"]
[SourceVersionDate "1999.07.01"]
[SourceQuality "1"]

1. d4 Nf6 2. c4 g6 3. Nc3 d5 4. Nf3 Bg7 5. Qa4+ Bd7 6. Qb3 dxc4 7. Qxc4 O-O 8.
e4 Bg4 9. Be2 Nc6 10. d5 Bxf3 11. gxf3 Na5 (11... Ne5 12. Qb3 c6 13. f4 Ned7
14. dxc6 bxc6 15. e5 Nd5 16. Nxd5 cxd5 17. Qxd5 e6 18. Qd6 Nb6 $10 {
Furman-Huebner, Wijk an Zee 1975}) 12. Qd3 1/2-1/2

[Event "Bad Woerishofen op 13th"]
[Site "Bad Woerishofen"]
[Date "1997.??.??"]
[Round "8"]
[White "Dautov, Rustem"]
[Black "Romanishin, Oleg M"]
[Result "1-0"]
[WhiteElo "2590"]
[BlackElo "2555"]
[Annotator "Dautov,R"]
[PlyCount "85"]
[EventDate "1997.03.07"]
[EventType "swiss"]
[EventRounds "9"]
[EventCountry "GER"]
[SourceTitle "EXT 2000"]
[Source "ChessBase"]
[SourceDate "1999.11.16"]
[SourceVersion "1"]
[SourceVersionDate "1999.11.16"]
[SourceQuality "1"]

1. d4 Nf6 2. c4 g6 3. Nc3 d5 4. Nf3 Bg7 5. Qb3 dxc4 6. Qxc4 O-O 7. e4 Nc6 8.
Be2 Bg4 9. d5 Na5 10. Qa4 Bxf3 11. Bxf3 c6 12. O-O cxd5 13. Rd1 (13. exd5 Rc8
14. Re1 a6 15. Qb4 Re8 16. Bg5 Rc4 17. Qa3 b5 18. Be2 b4 19. Qa4 Rc8 20. Bxf6
Bxf6 21. Qxb4 Rb8 22. Qa3 Qb6 23. Rac1 Rec8 $44 {Antoshin-Kotkov/ Moscow 1961})
13... Nc6 14. exd5 Ne5 15. Be2 Ne8 16. Bf4 {N} (16. Be3 Nd6 17. Ne4 Nec4 18.
Bxc4 Nxe4 19. Bf1 Nd6 20. Bd4 Bxd4 21. Qxd4 Nf5 22. Qe5 Qd6 $11 {Dlugy,
M-Vaganian,R/London 1986}) (16. Ne4 Nd6 17. Nxd6 Qxd6 (17... exd6 $142) 18. Qb3
b6 19. Be3 Nd7 20. Rac1 Nc5 21. Qa3 a5 22. Bb5 Rac8 23. Bc6 $14 {Lputian,
S-Akopian,V/Erevan ;CBM 53 1996}) 16... Nd6 17. Bf1 {/\Re1} (17. Re1 $5 a6 (
17... Qc8 $2 18. Bxe5 Bxe5 19. Bg4 $16) 18. Qb3 Rc8 19. Bxa6 Nf3+ 20. gxf3 bxa6
21. Rac1 $14) 17... Qc8 $5 (17... a6 18. Qb3 (18. Re1 b5 19. Qb4 Nec4 20. Bxc4
(20. a4 $6 a5 21. Qb3 bxa4 $15) 20... Nxc4 21. a4 (21. Rxe7 Nxb2 $17) 21... Rc8
$132 {/\Nb2}) 18... Rc8 (18... b5 19. a4 $14) 19. Rac1 Qd7 20. Re1 Nec4 $11)
18. Rac1 a6 (18... Qf5 19. Re1 (19. Bg3) 19... a6 (19... Rac8 20. Bg3 Nec4 (
20... Ndc4 21. Bxe5 Nxe5 22. Qxa7 $14) 21. Bxd6 Nxd6 22. Rxe7 $14) (19... Rfc8
$5) 20. Bg3 Rfe8 (20... b5 $6 21. Qf4 Nec4 22. Rxe7 $16) 21. Qf4 Nd7 $13) 19.
Ne4 (19. Re1 Qf5) 19... Qf5 (19... Qg4 $2 20. Bxe5 Qxe4 (20... Bxe5 $4 21. Nf6+
) 21. Qxe4 Nxe4 22. Bxg7 Kxg7 23. Rc7 $16) 20. Nxd6 exd6 21. Bg3 $14 Rfc8 (
21... Rac8 $5) 22. Qb4 $1 {><d6,b6} (22. h3 Rxc1 23. Rxc1 Rc8 $11) 22... Qd7
23. h3 {/\f4} f5 $8 24. Re1 $1 (24. f4 $2 Nf7 25. Bh4 b5 $11) (24. Bf4 Nf7 $11
{/\Be5}) 24... Rc7 (24... Nf7 25. Rxc8+ Rxc8 26. Re6 Be5 (26... Rc1 27. Bxd6
Rc2 28. Bc5 Rxb2 29. Qf4 $16) 27. Bxe5 dxe5 28. Qb3 Kh8 29. d6 $14) (24... b5
25. b3 $14 {/\a4}) 25. Rxc7 Qxc7 26. Bf4 Qd7 27. Rc1 Nf7 28. Qb6 Rc8 29. Rxc8+
Qxc8 30. Bxd6 Nxd6 (30... Qd7 31. Ba3 Qxd5 32. Qc7 $16) (30... Bd4 31. Qxd4
Nxd6 32. Qe5 Qd7 $16) 31. Qxd6 Bd4 $138 (31... Bxb2 32. Qe7 b5 33. d6 Qf8 34.
Qe6+ Kg7 35. d7 Qd8 $14) 32. Qf4 $6 (32. Qe7 Qc5 33. Qxb7 Bxf2+ 34. Kh2 a5 $44)
(32. b4 Qe8 33. a3 Qe1 34. Qf4 Qe5 35. Qf3 b5 $14) (32. b3 Qc5 (32... Bc5 $2
33. Qe5 Qd7 34. d6 Qxd6 35. Bc4+ Kf8 36. Qh8+ $16) (32... Qe8 $2 33. Qb4 $16)
33. Qb8+ Kg7 34. Qxb7+ Kh6 $44) 32... Bxb2 33. d6 Bf6 (33... Kg7 34. Qd2 Bf6
35. d7 Qc7 $14) 34. g4 Qc5 35. d7 Kg7 36. Bg2 $138 (36. gxf5 Qxf5 (36... gxf5
37. Bd3 $16) 37. Qc7 Qg5+ 38. Bg2 Bd8 39. Qxb7 Qc1+ 40. Bf1 Qg5+ 41. Kh1 a5 $14
) 36... fxg4 $4 (36... b5 37. g5 Bd8 38. h4 $14) 37. hxg4 $4 (37. Qxf6+ Kxf6
38. d8=Q+ $18) 37... Qe7 (37... Bg5 $1) 38. Qc7 Qe1+ $4 (38... Qd8 39. Qxb7 a5
40. f4 $16) 39. Bf1 $18 Kh6 40. Qf4+ Kg7 41. Qxf6+ Kxf6 42. d8=Q+ Kg7 43. Qc7+
1-0

[Event "NED-ch52"]
[Site "Rotterdam"]
[Date "1997.06.24"]
[Round "4"]
[White "Piket, Jeroen"]
[Black "Riemersma, Liafbern"]
[Result "1/2-1/2"]
[WhiteElo "2640"]
[BlackElo "2435"]
[Annotator "Fritz"]
[PlyCount "122"]
[EventDate "1997.06.21"]
[EventType "tourn"]
[EventRounds "11"]
[EventCountry "NED"]
[EventCategory "12"]
[SourceTitle "CBM 060"]
[Source "ChessBase"]
[SourceDate "1997.09.29"]
[SourceVersion "1"]
[SourceVersionDate "1997.09.29"]
[SourceQuality "1"]

1. d4 Nf6 2. c4 g6 3. Nc3 d5 4. Nf3 Bg7 5. Qb3 dxc4 6. Qxc4 O-O 7. e4 Bg4 8.
Ne5 Nc6 $5 9. Nxc6 bxc6 10. e5 (10. Qxc6 Qxd4 11. Be3 Qb4 12. Qb5 Rab8 $15) (
10. Be3 Rb8 11. Rb1 (11. h3 Be6 12. Qe2 Rb4) (11. b3 c5 $5 12. Qxc5 Nd7 {
/\c7-c5}) 11... Be6 12. Qxc6 Ng4 13. Qc5 (13. d5 Nxe3 14. fxe3 Qd6 $1) 13...
Qd6 (13... f5 $5) 14. Qxd6 exd6 15. Kd2 f5 {1/2-1/2 Giorgadze,G-Jansa,V/
Hamburg Wichern-op 1995/EXT 95op (21)}) 10... Nd5 11. Be2 Nb6 12. Qxc6 Qxd4 13.
Be3 Qb4 14. Bxg4 Qxg4 15. f4 f6 16. e6 (16. exf6 $2 Rxf6) (16. O-O $2 fxe5 17.
Qxc7 exf4 18. Rxf4 Rxf4 19. Qxf4 Qxf4 20. Bxf4 Nc4 $17) 16... Rad8 17. O-O Rd6
18. Qxc7 Qxe6 19. Bxb6 Rd7 20. Rae1 Qxb6+ 21. Qxb6 axb6 22. f5 Kf7 23. Re6 Rb8
24. Rc6 Bh6 25. fxg6+ hxg6 26. Re1 Bf4 27. g3 Be5 28. Re2 Rbb7 29. Nb5 Rd5 30.
a4 Rd1+ 31. Kg2 Rb1 32. Nc3 Ra1 33. Rc4 Rc1 34. Rc6 g5 35. Kf3 Bd4 36. Ke4 Rd7
37. Rd2 e5 38. h4 gxh4 39. gxh4 Rh1 40. Kf5 Rf1+ (40... Rxh4 $6 41. Rxf6+ Ke7
42. Re6+ Kf8 43. Rxb6 Rf4+ 44. Kg5 $11) 41. Kg4 Rd8 {Mit der Mattdrohung Tg8}
42. Rc7+ Ke6 $17 43. Rc6+ Kd7 44. Rxb6 Rg8+ 45. Kh5 Kc8 46. Nd5 (46. Rxd4 exd4
47. Nb5 d3 $19) 46... Rh8+ 47. Kg6 Bxb6 48. Nxb6+ Kb7 49. Nd7 Rxh4 50. a5 Rd4
51. Nc5+ Kc6 52. Rc2 Kb5 53. a6 Rc4 54. Rxc4 Kxc4 55. b4 Kxb4 $4 (55... Kd5
$142 $1 56. Nd7 (56. a7 Ra1 $19) 56... Kc6 57. Nxf6 Rxf6+ $19) 56. Ne4 Ra1 57.
Kxf6 Ra5 58. a7 Kc4 59. a8=Q Rxa8 60. Kxe5 Re8+ 61. Kf5 Kd4 1/2-1/2

[Event "Interpolis-02"]
[Site "Tilburg"]
[Date "1978.09.02"]
[Round "2"]
[White "Sosonko, Gennadi"]
[Black "Dzindzichashvili, Roman"]
[Result "1/2-1/2"]
[WhiteElo "2575"]
[BlackElo "2550"]
[Annotator "Ftacnik,L"]
[PlyCount "33"]
[EventDate "1978.09.01"]
[EventType "tourn"]
[EventRounds "11"]
[EventCountry "NED"]
[EventCategory "14"]
[SourceTitle "MCL"]
[Source "ChessBase"]
[SourceDate "1999.07.01"]
[SourceVersion "1"]
[SourceVersionDate "1999.07.01"]
[SourceQuality "1"]

1. d4 Nf6 2. c4 g6 3. Nc3 d5 4. Nf3 Bg7 5. Qb3 dxc4 6. Qxc4 O-O 7. e4 Bg4 8.
Be3 Nfd7 9. O-O-O (9. Be2) (9. Rd1) (9. Qb3) 9... a6 $5 (9... Nc6 10. h3 Bxf3
11. gxf3 Nb6 12. Qc5 f5 $13) (9... e5 $5 10. dxe5 Nc6 $10) (9... c6 $5 10. h3
b5 $5 11. Qe2 Bxf3 12. Qxf3 Qa5 $13 {Szabo-Uhlmann,Munich (ol)}) 10. h3 Bxf3
11. gxf3 b5 12. Qb3 Nc6 13. f4 $146 (13. h4 Nb6 $13) 13... Nb6 14. e5 Na5 15.
Qb4 Nac4 16. Bg2 c6 $1 17. Kb1 (17. Bxc6 Rc8 18. d5 (18. Bb7 Rc7 19. Bxa6 Nxb2
$1 20. Kxb2 Rxc3 $1 21. Bxb5 (21. Qxb5 Qc7 22. Rc1 Rb8 23. Rxc3 Na4+ $19) 21...
Nd5 22. Qa4 Qc7 $17) 18... Qc7 (18... Nxe3 19. fxe3 Nc4 20. Qc5 Na5 21. b4 $1
$16) 19. Kb1 (19. Bc5 Bh6 20. Bxe7 Bxf4+ 21. Kb1 Bxe5 $17) 19... e6 $44)
1/2-1/2

[Event "Interpolis-03"]
[Site "Tilburg"]
[Date "1979.11.03"]
[Round "3"]
[White "Sosonko, Gennadi"]
[Black "Sax, Gyula"]
[Result "1/2-1/2"]
[WhiteElo "2535"]
[BlackElo "2590"]
[Annotator "Ftacnik,L"]
[PlyCount "36"]
[EventDate "1979.11.01"]
[EventType "tourn"]
[EventRounds "11"]
[EventCountry "NED"]
[EventCategory "15"]
[SourceTitle "MCL"]
[Source "ChessBase"]
[SourceDate "1999.07.01"]
[SourceVersion "1"]
[SourceVersionDate "1999.07.01"]
[SourceQuality "1"]

1. d4 Nf6 2. c4 g6 3. Nc3 d5 4. Nf3 Bg7 5. Qb3 dxc4 6. Qxc4 O-O 7. e4 Nc6 (7...
a6) (7... Na6) (7... Bg4) 8. Be2 (8. Be3 Bg4 9. d5 (9. Be2 Bxf3 {/\e5=}) 9...
Bxf3 10. dxc6 b5 $1 $13) 8... Bg4 9. d5 Na5 $1 (9... Bxf3 10. gxf3 Ne5 11. Qb3
c6 12. f4 Ned7 13. dxc6 bxc6 14. Be3 $5 $14) 10. Qb4 (10. Qa4 $143 Bxf3 (10...
c6 $4 11. e5 $1 $18) 11. Bxf3 (11. gxf3 c6 $15) 11... c6 12. O-O (12. b4 $2
Nxd5 $1 $17) 12... cxd5 13. exd5 Rc8 $15 {Vaganian-Shamkovich/Rio de Janeiro
izt/1979}) (10. Qd3 $6 c6 11. b4 cxd5 12. bxa5 Nxe4 $1 $17) 10... Bxf3 (10...
c6 $4 11. e5 $1 $18) 11. Bxf3 b6 $2 (11... c6 12. O-O cxd5 13. exd5 Rc8 {
/\Se8-d6} 14. Re1) 12. O-O c6 13. Rd1 Qe8 (13... cxd5 14. e5 Nc6 15. Qf4 Nd7
16. Bxd5 Bxe5 17. Qa4 $18) 14. Be3 (14. e5 Nd7 (14... Nxd5 $2 $18) 15. Bg5 (15.
dxc6 $2 Nxe5) (15. d6 e6 $1) 15... e6 $13 (15... Nxe5 $13)) 14... Rc8 (14... c5
$2 15. Bxc5) 15. Be2 cxd5 $2 (15... c5 $142 16. Qb5 $16 {_|_}) 16. exd5 $2 (16.
Bb5 $1 Nc6 (16... Qd8 $2 17. e5 {/\18.Sd5+-}) (16... Rc4 17. Bxc4 dxc4 $16) 17.
Qa4 e6 18. Rac1 a6 $8 19. Qxa6) 16... Qd7 17. Ba6 Rc7 18. h3 Ne8 {Sax offered
a draw.} 1/2-1/2

[Event "Hoogovens"]
[Site "Wijk aan Zee"]
[Date "1996.01.22"]
[Round "8"]
[White "Piket, Jeroen"]
[Black "Shirov, Alexei"]
[Result "1-0"]
[WhiteElo "2570"]
[BlackElo "2690"]
[Annotator "Ftacnik,L"]
[PlyCount "73"]
[EventDate "1996.01.13"]
[EventType "tourn"]
[EventRounds "13"]
[EventCountry "NED"]
[EventCategory "17"]
[SourceTitle "CBM 051"]
[Source "ChessBase"]
[SourceDate "1996.04.01"]
[SourceVersion "1"]
[SourceVersionDate "1996.04.01"]
[SourceQuality "1"]

1. d4 Nf6 2. c4 g6 3. Nc3 d5 4. Nf3 Bg7 5. Qb3 dxc4 6. Qxc4 O-O 7. e4 Bg4 8.
Be3 Nfd7 9. O-O-O c6 10. h3 Bxf3 (10... Nb6 11. Qc5 N8d7 12. Qa3 Bxf3 13. gxf3
Re8 14. f4 Qc7 15. Bd3 a5 16. h4 a4 17. Ne2 c5 18. d5 c4 19. Bc2 c3 20. bxc3
Nc4 21. Qb4 Nxe3 22. fxe3 Rec8 23. e5 {1-0 Kakhiani,K-Claus,C/WchJW CHI/1990 
(33)}) 11. gxf3 b5 12. Qd3 (12. Qb3 a5 13. d5 a4 14. Qa3 Qa5 15. dxc6 b4 16.
Qxa4 Nxc6 17. Qxa5 Rxa5 18. Nb5 Rxa2 19. Rxd7 b3 20. Nc3 Bxc3 21. bxc3 Rb8 $44
{Sosonko,G-Castro,O/Biel izt/1976/}) 12... Qa5 13. Kb1 b4 14. Ne2 c5 15. f4 {
White immediatelly begins with building the strong center.} (15. Nc1 cxd4 16.
Nb3 Qh5 17. Nxd4 Nc5 18. Qe2 Rc8 19. Rg1 h6 20. f4 Qxe2 21. Bxe2 Nc6 22. e5
Nxd4 23. Rxd4 b3 24. axb3 Nxb3 25. Rb4 {Tukmakov,V-Lputian,S/URS-ch54 Minsk/
1987/1/2-1/2 (112)}) 15... Nc6 16. d5 b3 17. a3 (17. Qxb3 Rab8 $17) 17... Nb4
18. Qd2 (18. axb4 $4 Qa2+ 19. Kc1 Qxb2#) 18... Nb6 19. Nc1 Qa4 (19... Na4 20.
Nxb3 $18) 20. axb4 cxb4 (20... c4 21. e5 a5 22. b5 $18) 21. Qd3 Bxb2 (21...
Rac8 22. e5 Rxc1+ 23. Kxc1 Qa2 24. Qb1 Rc8+ 25. Kd2 Rc2+ 26. Kd3 $18) 22. Qa6 {
Shirov is very inventive in the attack, but white is on alert with his spare
piece.} (22. Kxb2 $2 Qa3+ 23. Kb1 Rfc8 $1 24. Nxb3 Na4 (24... Rc3 25. Nc5 Na4
26. Nxa4 Qxa4 $13) 25. Bd4 Nc3+ 26. Bxc3 bxc3 $19) 22... Qa3 (22... Bg7 $5 23.
Bb5 Qxa6 24. Bxa6 Na4 25. Bd4 b2 (25... Nc3+ 26. Bxc3 bxc3 27. Nxb3 $18) 26.
Ne2 $16) 23. Bb5 Rfc8 (23... Bxc1 24. Bxc1 Qxa6 25. Bxa6 $18) 24. Qxa3 bxa3 25.
Nxb3 {This amounts to the refutation of black's ideas.} Rab8 26. Bc6 Nxd5 (
26... Nc4 27. Ka2 Nxe3 28. fxe3 $18) 27. exd5 (27. Bxd5 e6 28. Bxa7 Rb5 29.
Bxe6 fxe6 30. Ka2 $18) 27... Rxb3 28. Ka2 Rc3 (28... Rcb8 29. Bxa7 R8b4 30. Bc5
$18) 29. Rd2 e6 (29... Rc4 30. Bxa7 Rxf4 31. Bc5 $18) 30. Bd7 Rc1 31. Rxc1 (31.
Bxc8 Rxh1 32. dxe6 Ra1+ 33. Kb3 $18) 31... Rxc1 32. dxe6 Ra1+ 33. Kb3 Bf6 34.
Ra2 Rb1+ (34... Rxa2 35. Kxa2 Be7 36. Bxa7 $18) 35. Kc2 Rb2+ 36. Rxb2 axb2 37.
Bd4 $1 (37. Bd4 $1 Bxd4 38. e7 $18) 1-0

[Event "ARM-ch"]
[Site "Yerevan"]
[Date "1995.??.??"]
[Round "2"]
[White "Lputian, Smbat G"]
[Black "Mirumian, Vigen"]
[Result "1-0"]
[WhiteElo "2585"]
[BlackElo "2415"]
[Annotator "Ftacnik,L"]
[PlyCount "53"]
[EventDate "1995.08.??"]
[EventType "tourn"]
[EventRounds "11"]
[EventCountry "ARM"]
[EventCategory "10"]
[SourceTitle "CBM 050"]
[Source "ChessBase"]
[SourceDate "1996.02.01"]
[SourceVersion "1"]
[SourceVersionDate "1996.02.01"]
[SourceQuality "1"]

1. d4 Nf6 2. Nf3 g6 3. c4 Bg7 4. Nc3 d5 5. Qb3 dxc4 6. Qxc4 O-O 7. e4 Nc6 8.
Be2 Bg4 9. Be3 Bxf3 10. gxf3 e5 11. dxe5 Nxe5 12. Qd4 (12. Qb3 Nh5 (12... Qd7
13. h3 Rad8 14. Rd1 Qc8 15. f4 Rxd1+ 16. Kxd1 Rd8+ 17. Kc1 Nc6 18. e5 Nh5 19.
Bg4 Qa8 20. Bxh5 gxh5 21. Rg1 Ne7 22. Ne4 b6 23. Nf6+ Kh8 24. Qxf7 {Karolyi,
T-Gutman,L/Brussels OHRA-B/1986/1-0 (44)}) 13. h4 c6 14. Kf1 Qc8 15. Rd1 Kh8
16. Kg2 f5 17. f4 Ng4 18. e5 Bh6 19. Kf3 Qc7 20. Rd6 Rae8 21. Qd1 Bxf4 22. Bxf4
Nxf4 23. Kxf4 Nxf2 24. Qd4 Nxh1 {Lobo,N-London,D/New York op/1986/0-1 (42)}) (
12. Qb5 Nh5 13. Qxb7 Rb8 14. Qd5 Qf6 15. O-O-O Nf4 16. Qd2 Nxe2+ 17. Qxe2 Nxf3
18. Rd5 c6 19. Rc5 Nd4 20. Qc4 Nb5 21. e5 Qf5 22. e6 Qxe6 23. Qxe6 fxe6 24. Rd1
Nxc3 {Bareev,E-Balashov,Y/URS-FL Irkutsk/1986/0.5}) 12... Nfd7 (12... Qxd4 13.
Bxd4 Nc6 $1 (13... Nh5 14. Be3 Rfd8 15. O-O Nd3 16. Nd5 c6 17. Bxd3 cxd5 18.
exd5 Rxd5 19. Be4 Rb5 20. a4 Rb4 21. Bc5 Rxb2 {Gurevich,M-Ristic,Nen/Rilton
Cup/1987/0.5}) 14. Be3 Rfd8 15. Rc1 (15. Rd1 Rxd1+ 16. Kxd1 Rd8+ 17. Kc1 Nd4
$10) 15... Nd4 16. Nb5 Nxb5 17. Bxb5 c6 18. Be2 Nh5 $10 {Gurevich,M-Romanishin,
O/Lvov/1987/}) 13. O-O-O Nb6 (13... g5 $2 14. Qd2 h6 15. h4 $16) 14. f4 Ned7 (
14... Qxd4 15. Bxd4 Nc6 16. Bxg7 Kxg7 17. Nb5 $14) 15. e5 Qh4 16. Qe4 c6 (16...
Bh6 17. Rhg1 $14) 17. Qg2 f5 $6 {Strategically wrong, since it helps white to
turn his double edged pawn structure f4-e5 into superpower and g6 pawn becomes
weak.} (17... Bh6 18. Qg3 $1 Qe7 19. h4 $16) (17... Rad8 $5 18. Qg3 Qe7 19. h4
$14) 18. Qg3 Qe7 (18... Qxg3 19. hxg3 $16) 19. h4 Rfd8 20. h5 g5 {This is no
way to break the enemy's pawn structure. Black is admitting to have lost the
fight.} (20... Nf8 $2 21. hxg6 hxg6 22. Bxb6 axb6 23. Bc4+ $18) (20... Qf7 21.
hxg6 hxg6 22. Qh4 $16) 21. h6 Bf8 (21... Bh8 22. Rh5 $18) 22. Rdg1 Kh8 (22...
g4 23. Bxg4 fxg4 24. Qxg4+ Kf7 25. Qg8+ Ke8 26. Rg7 $18) 23. Qxg5 Qe6 (23...
Qxg5 24. Rxg5 Re8 25. Rxf5 $18) 24. Bd3 Nxe5 25. Bxf5 Nd3+ 26. Kb1 (26. Bxd3
Rxd3 27. Re1 $18) 26... Qf7 27. Bxd3 (27. Bxd3 Rxd3 28. Qe5+) 1-0

[Event "Linares Anibal op 08th"]
[Site "Linares"]
[Date "2001.01.14"]
[Round "7"]
[White "Gershon, Alik"]
[Black "Holmsten, Aleksei"]
[Result "1-0"]
[WhiteElo "2540"]
[BlackElo "2435"]
[Annotator "Ftacnik,L"]
[PlyCount "61"]
[EventDate "2001.01.08"]
[EventType "swiss"]
[EventRounds "11"]
[EventCountry "ESP"]
[SourceTitle "CBM 081"]
[Source "ChessBase"]
[SourceDate "2001.03.20"]
[SourceVersion "1"]
[SourceVersionDate "2001.03.20"]
[SourceQuality "1"]

1. d4 Nf6 2. c4 g6 3. Nc3 d5 4. Nf3 Bg7 5. Qb3 dxc4 6. Qxc4 O-O 7. e4 Nc6 8.
Be2 Bg4 9. Be3 e5 10. d5 (10. dxe5 Bxf3 11. exf6 Bxe2 12. Qxe2 Qxf6 $11) (10.
Nxe5 $5 Bxe2 11. Kxe2 Nxe5 12. dxe5 Ng4 13. f4 Nxe3 14. Kxe3 c6 15. Rad1 $14)
10... Bxf3 11. dxc6 (11. gxf3 Nd4 12. Bxd4 exd4 13. Qxd4 c6 14. Rd1 Re8 $13) (
11. Bxf3 Nd4 $1 12. Nb5 c5 $11) 11... Bxg2 12. cxb7 Bxh1 (12... Rb8 13. Rg1 Bh3
14. Qa6 $16) 13. bxa8=Q Qxa8 14. f3 Bg2 (14... Rb8 $2 15. Kf2 Bxf3 16. Kxf3
Rxb2 17. Qxc7 $16) 15. Qxc7 {White has a pawn majority on the queenside, so
endings could be quite dangerous for black.} a5 16. Na4 (16. Rd1 Rc8 17. Qxe5
Ng4 18. Qg5 Nxe3 19. Qxe3 Qb8 20. Nd5 $14) 16... Nh5 (16... Rc8 17. Qe7 (17.
Qxe5 $2 Ng4 18. Qg5 Nxe3 19. Qxe3 Qb8 $17) 17... Re8 18. Qc5 Bf8 $13) 17. Nb6
Qb8 (17... Qd8 18. Qxd8 Rxd8 19. Rd1 $14) 18. Qxb8 Rxb8 19. Nc4 (19. Rd1 Nf4
20. b3 Bh3 (20... Nxe2 21. Kxe2 Bh3 22. Rd5 $16) 21. Bf1 Be6 22. Nd5 $14) 19...
Nf4 (19... a4 20. Nb6 a3 21. bxa3 $14) 20. Rd1 Bh3 (20... Nxe2 21. Kxe2 Bh3 22.
b3 a4 23. bxa4 Rc8 24. Nb6 $16) 21. Bf1 (21. b3 Ng2+ 22. Kf2 Nxe3 23. Kxe3 Be6
24. Nxa5 Ra8 25. b4 $14) 21... Be6 (21... Bxf1 22. Kxf1 Ne6 23. Rd7 $14) 22.
Nxa5 {[%mdl 4096] Black will have to fight against one of the marching pawns,
his position is not sweet.} Bf6 (22... Rxb2 $2 23. Rd8+ Bf8 24. Bc5 Rb1+ 25.
Kf2 Rxf1+ 26. Kxf1 Bh3+ 27. Kf2 Ne6 28. Bxf8 $1 Nxd8 29. Be7 Ne6 30. Nc6 $18) (
22... Bxa2 23. b4 $16) 23. b3 Ra8 24. Bb6 Bh4+ (24... Rb8 25. Ba7 Ra8 26. Nc6
$16) 25. Kd2 Bd8 (25... Bf2 26. Bxf2 Rxa5 27. a4 Bxb3 28. Rb1 Bxa4 (28... Be6
29. Rb8+ Kg7 30. Bb5 $16) 29. Rb8+ Kg7 30. Bb6 Bb5 31. Bxa5 Bxf1 32. Bc7 $16)
26. Bxd8 Rxd8+ 27. Kc2 Ra8 (27... Rxd1 28. Kxd1 Kf8 29. a4 $18) 28. b4 Bxa2 29.
Nc6 f6 (29... Be6 30. Nxe5 Ra2+ 31. Kc3 $16) 30. b5 Bf7 31. b6 (31. b6 Ra2+ 32.
Kb1 Ra3 33. Na5 $1 Ra4 (33... Rxa5 34. b7) 34. Rd8+ Kg7 35. b7 $18) 1-0